| 000 | 00628cam a2200145 4500500 | ||
|---|---|---|---|
| 005 | 20260208020530.0 | ||
| 041 | _afre | ||
| 042 | _adc | ||
| 100 | 1 | 0 |
_aVaysse, Jean-Marie _eauthor |
| 245 | 0 | 0 | _aMassimo Marianetti, Vivere, invecchiare ed essere vecchi. Kant e Christoph Wilhelm Hufeland, Istituti Editoriali et Poligrafici Internationali, Pise-Rome, 1999, 65 p. |
| 260 | _c2002. | ||
| 500 | _a65 | ||
| 786 | 0 | _nRevue philosophique de la France et de l'étranger | 127 | 4 | 2002-12-01 | p. 433zz-502zz | 0035-3833 | |
| 856 | 4 | 1 | _uhttps://shs.cairn.info/revue-philosophique-2002-4-page-433zz?lang=fr&redirect-ssocas=7080 |
| 999 |
_c1661019 _d1661019 |
||